| 000 | 00760nam a22002411 4500 | ||
|---|---|---|---|
| 001 | 22905 | ||
| 003 | BD-RjUL | ||
| 005 | 20211209000852.0 | ||
| 008 | 140309s1966 enk 000 1 eng | ||
| 035 | _a(BD-RjUL)22970 | ||
| 035 | _a(OCoLC)6639131 | ||
| 040 |
_aDLC _cOAkU _dDLC _dBD-RjUL _beng |
||
| 041 | 1 | _aenggre | |
| 082 | 0 | 0 |
_a889 _bKAF 1966 |
| 100 | 1 |
_aKazantzakis, Nikos, _d1883-1957. _969696 |
|
| 245 | 1 | 0 |
_aFreedom and death : _ba novel / _cEnglish translation by Jonathan Griffin. |
| 260 |
_aOxford ; _bBruno Cassirer ; _aLondon : _bFaber, _c1966. |
||
| 300 |
_a472 p. ; _c19 cm. |
||
| 500 | _aTranslation of Ho Kapetan Michalēs (romanized form) | ||
| 651 | 0 |
_aCrete (Greece) _xHistory _vFiction. _970628 |
|
| 942 |
_2ddc _cBK |
||
| 999 |
_c22905 _d22905 |
||